[Event "Cali Region-ch"]
[Site "Cali"]
[Date "2017.04.30"]
[Round "4"]
[White "Mateus, Alejandro"]
[Black "Parada, Norberto Andres"]
[Result "0-1"]
[WhiteElo "2234"]
[BlackElo "2082"]
[PlyCount "26"]
[EventDate "2017.04.28"]
[EventType "swiss"]
[EventRounds "7"]
[EventCountry "COL"]
[SourceTitle "CBM 178 Extra"]
[Source "ChessBase"]
[SourceDate "2017.06.22"]
[SourceVersion "1"]
[SourceVersionDate "2017.06.22"]
[SourceQuality "1"]

1. d4 Nf6 2. c4 g6 3. Nc3 Bg7 4. e4 d6 5. Nf3 0-0 6. h3 e5 7. d5 a5 8. g4 Na6 9. Be3 Nd7 10. Be2 Ndc5 11. Qd2 Nb4 12. 0-0-0 Nxa2+ 13. Nxa2 Nb3+ 0-1

[Event "Cali Region-ch"]
[Site "Cali"]
[Date "2017.04.30"]
[Round "5"]
[White "Parada, Norberto Andres"]
[Black "Morales, Jhon Alexander"]
[Result "1/2-1/2"]
[WhiteElo "2082"]
[BlackElo "2351"]
[PlyCount "103"]
[EventDate "2017.04.28"]
[EventType "swiss"]
[EventRounds "7"]
[EventCountry "COL"]
[SourceTitle "CBM 178 Extra"]
[Source "ChessBase"]
[SourceDate "2017.06.22"]
[SourceVersion "1"]
[SourceVersionDate "2017.06.22"]
[SourceQuality "1"]

1. c4 e6 2. g3 d5 3. Bg2 Nf6 4. Nf3 dxc4 5. Qa4+ c6 6. Qxc4 b5 7. Qc2 Bb7 8. 0-0 Nbd7 9. b3 c5 10. Bb2 Be7 11. d3 0-0 12. Nbd2 Qb6 13. Rac1 Rac8 14. Qb1 Rfd8 15. Qa1 Bf8 16. Rc2 h6 17. Rfc1 Nd5 18. a3 N5f6 19. h3 Be7 20. e4 Nb8 21. Ne5 Ne8 22. Ndf3 Bf8 23. Ne1 Nf6 24. Kh2 Nfd7 25. Nxd7 Nxd7 26. f4 Nb8 27. d4 cxd4 28. Rxc8 Bxc8 29. Bxd4 Qa6 30. b4 Bb7 31. Nc2 Bc6 32. Qc3 Qb7 33. Qe3 Nd7 34. Ne1 Nb6 35. Bxb6 axb6 36. e5 Bxg2 37. Nxg2 Rd5 38. Rc3 Rd7 39. Rd3 Rxd3 40. Qxd3 Qc6 41. Ne1 Be7 42. Nf3 g5 43. fxg5 hxg5 44. g4 Kf8 45. Kg3 Kg7 46. Qe3 Kg6 47. Nd4 Qc4 48. Nf3 Qc6 49. Nd2 Qc1 50. Qd3+ Kg7 51. Nf3 Qc6 52. Qe3 1/2-1/2

[Event "Valle Region-ch"]
[Site "Cali"]
[Date "2012.03.17"]
[Round "3.10"]
[White "Parada, Norberto Andres"]
[Black "Bravo, Juan Eduardo"]
[Result "1/2-1/2"]
[WhiteElo "2107"]
[BlackElo "1667"]
[PlyCount "58"]
[EventDate "2012.03.16"]
[EventType "swiss"]
[EventRounds "7"]
[EventCountry "COL"]
[SourceTitle "EXT 2024"]
[Source "ChessBase"]
[SourceDate "2023.10.10"]
[SourceVersion "1"]
[SourceVersionDate "2023.10.10"]
[SourceQuality "1"]

1. e4 c5 2. Nf3 Nc6 3. Nc3 d6 4. d4 cxd4 5. Nxd4 Nf6 6. Be3 e6 7. Be2 Be7 8. 0-0 0-0 9. f4 a6 10. a4 Qc7 11. Bf3 Bd7 12. Nb3 b6 13. g4 Rab8 14. g5 Ne8 15. Bg2 Na5 16. Qh5 f5 17. exf5 Rxf5 18. Be4 Nf6 19. Qh3 Nxe4 20. Nxe4 Nc4 21. Nd4 Nxe3 22. Qxe3 Rff8 23. Nc3 Qc5 24. Rae1 e5 25. fxe5 Bxg5 26. Qxg5 Qxd4+ 27. Qe3 Qg4+ 28. Qg3 Qd4+ 29. Qe3 Qg4+ 1/2-1/2

[Event "Cali op"]
[Site "Cali"]
[Date "2008.12.27"]
[Round "4"]
[White "Herrera, Juan Sebastian"]
[Black "Parada, Norberto Andres"]
[Result "0-1"]
[WhiteElo "2109"]
[BlackElo "2114"]
[PlyCount "84"]
[EventDate "2008.12.26"]
[EventType "swiss"]
[EventRounds "9"]
[EventCountry "COL"]
[SourceTitle "CBM 128 Extra"]
[Source "ChessBase"]
[SourceDate "2009.03.05"]
[SourceVersion "2"]
[SourceVersionDate "2009.03.25"]
[SourceQuality "1"]

1. e4 e6 2. d4 d5 3. Nd2 Nf6 4. e5 Nfd7 5. Bd3 c5 6. c3 Nc6 7. Ngf3 cxd4 8. cxd4 Be7 9. 0-0 0-0 10. a3 f5 11. b4 Nb6 12. Nb3 Bd7 13. b5 Nb8 14. a4 a6 15. a5 Nc4 16. b6 Bb5 17. Qe2 Nc6 18. Nfd2 Nxd2 19. Bxd2 Bxd3 20. Qxd3 Rc8 21. Rac1 Qd7 22. Nc5 Bxc5 23. Rxc5 Nxe5 24. Qe2 Rxc5 25. dxc5 Nc6 26. f4 Re8 27. Re1 e5 28. fxe5 Rxe5 29. Qf2 Qe6 30. h3 d4 31. Rxe5 Qxe5 32. Qe1 Qxe1+ 33. Bxe1 Kf7 34. Kf2 Ke6 35. Kf3 Ne5+ 36. Ke2 Kd5 37. Bg3 Nc6 38. Kf3 Nxa5 39. Kf4 Ke6 40. Bf2 Nc6 41. g4 fxg4 42. hxg4 Kd5 0-1

[Event "Cali op"]
[Site "Cali"]
[Date "2008.12.26"]
[Round "2"]
[White "Parada, Norberto Andres"]
[Black "Prieto, Ernesto"]
[Result "1/2-1/2"]
[WhiteElo "2114"]
[BlackElo "2181"]
[PlyCount "81"]
[EventDate "2008.12.26"]
[EventType "swiss"]
[EventRounds "9"]
[EventCountry "COL"]
[SourceTitle "CBM 128 Extra"]
[Source "ChessBase"]
[SourceDate "2009.03.05"]
[SourceVersion "2"]
[SourceVersionDate "2009.03.25"]
[SourceQuality "1"]

1. d4 Nf6 2. c4 g6 3. Nc3 d5 4. cxd5 Nxd5 5. e4 Nxc3 6. bxc3 Bg7 7. Bc4 0-0 8. Ne2 c5 9. 0-0 Nc6 10. Be3 cxd4 11. cxd4 Bg4 12. f3 Na5 13. Bxf7+ Rxf7 14. fxg4 Rxf1+ 15. Kxf1 Qd7 16. h3 Qe6 17. Qd3 Nc4 18. Bf2 b5 19. Kg1 Rf8 20. Rf1 a6 21. Nc3 Qd6 22. Ne2 Qb4 23. Be1 Qb2 24. a4 Rxf1+ 25. Kxf1 Bh6 26. axb5 axb5 27. Kf2 Qa1 28. Bc3 Qa2 29. d5 Qb3 30. Nd4 Qa4 31. Nc6 Be3+ 32. Kg3 Qa3 33. e5 Bd2 34. Nxe7+ Kf7 35. Qf3+ Kxe7 36. Qf6+ Ke8 37. Qc6+ Kd8 38. Qf6+ Ke8 39. Qc6+ Kd8 40. Qf6+ Ke8 41. Qc6+ 1/2-1/2